000 00363pab a2200145 454500
008 180718b1987 xxu||||| |||| 00| 0 eng d
100 _aSah, A.K.
245 _aThe scenario of personnel management in the cooperative sector
260 _c1987
300 _a35-42
362 _aApr.-June
650 _aManagement
773 _aManpower Journal
909 _a13065
999 _c13065
_d13065